Hauptstädte, die auf 'i' enden - Statistiken

Allgemein
  • Dieses Quiz wurde 182 mal gespielt
  • Das Durchschnittsergebnis liegt bei 5 aus 11
Antwortstatistiken
Hauptstadt Land % Korrekt
Helsinki Finnland
75%
Dili Osttimor
61%
Hanoi Vietnam
57%
Neu Delhi Indien
54%
Dschibuti Dschibuti
49%
Nairobi Kenia
45%
Kigali Ruanda
39%
Funafuti Tuvalu
37%
Bangui Zentralafrikanische Republik
33%
Abu Dhabi Vereinigte Arabische Emirate
29%
Moroni Komoren
25%
Keine übereinstimmenden Quizze gefunden
Verteilung der Resultate
Anzahl Personen mit jedem Resultat
Perzentil nach korrekt beantworteten Fragen
Ihre Resultats-Entwicklung
Sie haben dieses Quiz noch nicht gespielt